Acteurs en A (par images). - Statistiques

Statistiques générales
  • Ce quiz a été pris 909 fois
    435 depuis la dernière actualisation
  • Le résultat moyen est 8 sur 16
Statistiques - réponses
Par images Réponse % Correct
Kev Adams
96%
Jennifer Aniston
89%
Alexandre Astier
74%
Daniel Auteuil
70%
Isabelle Adjani
67%
Ben Affleck
60%
Pamela Anderson
58%
Jessica Alba
57%
Woody Allen
55%
Rowan Atkinson
54%
Anémone
43%
Mahershala Ali
27%
Mathieu Amalric
22%
Julie Andrews
15%
Arletty
12%
Pedro Alonso
5%
Aucun quiz correspondant
Distribution des résultats
% des personnes avec chaque résultat
Percentile par nombre de réponses
Votre historique - résultats
Vous n’avez pas pris ce quiz depuis la dernière actualisation